000 00609nam a2200229Ia 4500
003 OSt
005 20220928115400.0
006 a|||||r|||| 00| 0
007 ta
008 220927b |||||||| |||| 00| 0 eng d
024 _a27626
037 _cTextual
040 _aSDCL
_cSDCL
_beng
041 _2eng
_aeng
082 _aX:8T, P1
100 _aFrank Eric
_9444058
245 0 _aCompetitive advantage through knowledge management
260 _aNew Delhi
_bHindustan Publishing
_c2001
300 _axi,165p
_ccm.
942 _hX:8T, P1
_cTEXL
_2CC
999 _c759188
_d759188